عرض عادي
عرض مارك
- Stress management.
مدخل مصطلح موضوعي
001 - رقم الضبط
- حقل الضبط: 13980
003 - معرف رقم الضبط
- حقل الضبط: OSt
005 - تاريخ ووقت أخر عملية
- حقل الضبط: 20120514020222.0
008 - عناصر بيانات ثابتة الطول
- حقل تحكم ثابت الطول: 120514|||a|||||| | ||| d
040 ## - مصدر الفهرسة
- هيئة الفهرسة الأصلية: OSt
- وكالة الكتابة: OSt
150 ## - مدخل-- مصطلح تاريخي
- عنصر مدخل المصطلح الموضوعي او الاسم الجغرافي: Stress management.
670 ## - بيانات المصدر موجوده
- الاستشهاد بالمصدر: Work cat.: (OSt)0: Atkinson, Debra. 13979, Live right! :, c2008.
